000 00508 a2200157 4500
999 _c1001
_d1001
020 _a9780431124353
050 _aDT515 DOW 2002
100 _aDowning, D
_eauthor
245 _aPeople power campaigns and cause:
_bpolitical and economic systems /
_cDavid Downing
264 _aOxford:
_bHeinemann
_c2002
300 _a64p.
_bill.(col.)
500 _aIncludes index
650 _aPolitical participation
_xJuvenile literature
650 _aSocial movements
_xJuvenile literature
942 _2lcc
_cBK
_h515
_iDOW
_kDT